000 01237nam0a2200361 4500
001 RU\NLR\bibl\813278
005 20260407071509.0
021 _aRU
_b2005-7880
_9409
035 _aRSL-KNO-002572247
035 _a(NLR Aleph) 000802328
090 _a1189123
_c1189123
100 _a20050221d2004 |||y0rusy50 ca
101 0 _arus
102 _aRU
105 _aa |||||||||
106 _ar
200 1 _aБеглецы
_eприключения из воспоминаний детства с рис.
_fСергей Минцлов
210 _aМ.
_cРусская миссия [и др.]
_d2004
_gТип. АО Мол. гвардия
215 _a187, [1] с.
_cил.
_d21
225 1 _aРассказы из старинной жизни
610 0 _aДетская литература
686 _aШ9(2)6-Р53
_2rubbk
686 _aШ9(2)62=Р5-4
700 1 _4070
_7ca
_8rus
_aМинцлов
_bС. Р.
_f1870-1933
_gСергей Рудольфович
_3RU\NLR\AUTH\770278983
_92650950
801 0 _aRU
_bRuMoRKP
_c20050221
_grcr
801 1 _aRU
_bRuMoRGB
_c20050221
801 2 _aRU
_bNLR
_c20050627
_gPSBO
830 _aпо кн
942 _cBOOK
980 _aNB